| 000 | 01358nam a2200421 i 4500 | ||
|---|---|---|---|
| 001 | 9120 | ||
| 003 | KOSZ 005 | ||
| 005 | 20210529082455.0 | ||
| 008 | 070924s1971 pl a f 000 0 pol | ||
| 015 | _aPB 1971/7089 | ||
| 040 |
_aWA N _cWA N _dKOSZ 005/RW |
||
| 046 | _k1971 | ||
| 080 | _a69 | ||
| 080 | _a658.2 | ||
| 080 | _a331.82 | ||
| 080 | _a613.7 | ||
| 100 | 1 |
_aDzięgielewski, Tadeusz _eAutor |
|
| 245 | 1 | 0 |
_aPomieszczenia wypoczynkowe w zakładach pracy / _cTadeusz Dzięgielewski. |
| 260 |
_aWarszawa : _bWydawnictwo Związkowe CRZZ, _c1971. |
||
| 300 |
_a66, [2] stron : _bilustracje ; _c18 cm. |
||
| 336 |
_aTekst _btxt _2rdacontent |
||
| 337 |
_aBez urządzenia pośredniczącego _bn _2rdamedia |
||
| 338 |
_aWolumin _bnc _2rdacarrier |
||
| 380 | _aKsiążki | ||
| 388 | _a1901-2000 | ||
| 490 | 1 | _aFizjologia i Higiena Pracy. | |
| 504 | _aBibliografia na stronie 66. | ||
| 658 | _aBezpieczeństwo i wojskowość | ||
| 658 | _aArchitektura i budownictwo | ||
| 650 | 4 | _aProjekty | |
| 650 | 4 | _aUrządzenia | |
| 650 | 4 | _aOdpoczynek | |
| 650 | 4 | _aBHP | |
| 710 | 2 |
_aWydawnictwo Związkowe CRZZ _4pbl. |
|
| 830 | 0 | _aFizjologia i Higiena Pracy. | |
| 856 |
_uhttp://koha.tu.koszalin.pl/cgi-bin/koha/opac-detail.pl?biblionumber=9120 _yKatalog online BPK |
||
| 942 |
_2UKD _cKS |
||
| 999 |
_c9120 _d9120 |
||